000 00294nam a22001337a 4500
008 170620b xxu||||| |||| 00| 0 eng d
020 _a9780195173277
041 _aeng
080 _a32
100 _a20
101 _aSHP
245 _aDEMOCRACY AND THE NEWS
_cGANS.H.J
942 _2udc
_cBK
999 _c18209
_d18209